[Event "Hanoi GM1 03"]
[Site "Hanoi"]
[Date "2024.03.24"]
[Round "8"]
[White "Concio, Michael Jr"]
[Black "Lee, Jun Hyeok"]
[Result "1/2-1/2"]
[WhiteElo "2401"]
[BlackElo "2393"]
[PlyCount "56"]
[EventDate "2024.03.19"]
[EventType "tourn"]
[EventRounds "9"]
[EventCountry "VIE"]
[EventCategory "6"]
[SourceTitle "CB13_2024"]
[SourceDate "2024.03.27"]
[SourceVersion "1"]
[SourceVersionDate "2024.03.27"]
[SourceQuality "1"]

1. e4 c5 2. c4 Nc6 3. Nc3 g6 4. g3 Bg7 5. Bg2 e6 6. d3 Nge7 7. Be3 d6 8. Qd2 Nd4 9. Nge2 Nec6 10. 0-0 0-0 11. Bh6 Rb8 12. Bxg7 Kxg7 13. f4 b5 14. Nxd4 Nxd4 15. b3 bxc4 16. dxc4 Bb7 17. Rf2 Qe7 18. Raf1 f6 19. Nd1 Bc6 20. Ne3 Qb7 21. f5 exf5 22. exf5 Bxg2 23. Nxg2 Rbe8 24. fxg6 hxg6 25. Nf4 Qe4 26. Qd3 f5 27. Qxe4 Rxe4 28. h4 Rfe8 1/2-1/2

[Event "Hanoi GM1 03"]
[Site "Hanoi"]
[Date "2024.03.20"]
[Round "3"]
[White "Lee, Jun Hyeok"]
[Black "Pham, Tran Gia Phuc"]
[Result "0-1"]
[WhiteElo "2393"]
[BlackElo "2410"]
[PlyCount "94"]
[EventDate "2024.03.19"]
[EventType "tourn"]
[EventRounds "9"]
[EventCountry "VIE"]
[EventCategory "6"]
[SourceTitle "CB13_2024"]
[SourceDate "2024.03.27"]
[SourceVersion "1"]
[SourceVersionDate "2024.03.27"]
[SourceQuality "1"]

1. e4 c5 2. Nf3 d6 3. d4 cxd4 4. Nxd4 Nf6 5. Nc3 a6 6. Bc4 e6 7. Be3 Be7 8. Bb3 Nc6 9. Qe2 Na5 10. 0-0-0 Nxb3+ 11. cxb3 Qc7 12. Kb1 b5 13. f3 Bb7 14. Rc1 Qd8 15. g4 0-0 16. h4 Rc8 17. h5 b4 18. Na4 Nxe4 19. fxe4 Bxe4+ 20. Ka1 Bxh1 21. Rxh1 Qa5 22. Qf3 Bg5 23. Nf5 exf5 24. Bxg5 Rfe8 25. gxf5 Qe5 26. Rd1 Rc2 27. Kb1 Re2 28. Bc1 Re1 29. Rxe1 Qxe1 30. Nb6 h6 31. Nd5 Rc8 32. Qe3 Rxc1+ 33. Qxc1 Qe4+ 34. Ka1 Qxd5 35. a3 Qxb3 36. axb4 Qa4+ 37. Kb1 Qxb4 38. Qc8+ Kh7 39. Qxa6 d5 40. Qd3 Qc4 41. Qc2 Kg8 42. b3 Qf1+ 43. Kb2 d4 44. Qe4 Qf2+ 45. Kc1 Kf8 46. b4 Qf1+ 47. Kd2 Qc4 0-1

[Event "Hanoi GM1 03"]
[Site "Hanoi"]
[Date "2024.03.20"]
[Round "2"]
[White "Nguyen, Duc Hoa"]
[Black "Lee, Jun Hyeok"]
[Result "0-1"]
[WhiteElo "2340"]
[BlackElo "2393"]
[PlyCount "70"]
[EventDate "2024.03.19"]
[EventType "tourn"]
[EventRounds "9"]
[EventCountry "VIE"]
[EventCategory "6"]
[SourceTitle "CB13_2024"]
[SourceDate "2024.03.27"]
[SourceVersion "1"]
[SourceVersionDate "2024.03.27"]
[SourceQuality "1"]

1. e4 c5 2. Nf3 d6 3. d4 cxd4 4. Nxd4 Nf6 5. Nc3 a6 6. h3 e5 7. Nde2 h5 8. Bg5 Be6 9. Bxf6 Qxf6 10. Nd5 Qd8 11. Qd3 Nd7 12. Nec3 g6 13. 0-0-0 Nc5 14. Qf3 Bg7 15. Kb1 b5 16. Be2 0-0 17. g3 Bd7 18. g4 h4 19. g5 Qxg5 20. Nb6 Rad8 21. Ncd5 Be6 22. Rhg1 Qh6 23. Rg2 Nd7 24. Ne7+ Kh8 25. Nbd5 Rde8 26. Rdg1 Nb6 27. Nxb6 Rxe7 28. Qa3 Qf4 29. Bg4 Qxe4 30. Qxd6 Qb7 31. a4 Bxg4 32. Rxg4 Re6 33. Qxe6 fxe6 34. a5 Rxf2 35. Rxg6 Qe4 0-1

[Event "Hanoi GM 11"]
[Site "Hanoi"]
[Date "2023.11.30"]
[Round "3"]
[White "Lee, Jun Hyeok"]
[Black "Ilamparthi, AR."]
[Result "1-0"]
[WhiteElo "2375"]
[BlackElo "2385"]
[PlyCount "73"]
[EventDate "2023.11.29"]
[EventType "tourn"]
[EventRounds "9"]
[EventCountry "VIE"]
[EventCategory "6"]
[SourceTitle "CB50_2023"]
[SourceDate "2023.12.13"]
[SourceVersion "1"]
[SourceVersionDate "2023.12.13"]
[SourceQuality "1"]

1. d4 f5 2. Nc3 Nf6 3. Bg5 d5 4. e3 e6 5. Nf3 Nbd7 6. Bd3 c5 7. 0-0 Be7 8. dxc5 Nxc5 9. Ne2 0-0 10. c4 b6 11. cxd5 Nxd5 12. Bxe7 Qxe7 13. Bc4 Rd8 14. Ned4 Bb7 15. Qe2 Qf6 16. Rfd1 Kh8 17. Rac1 a6 18. Qe1 e5 19. Ne2 Rac8 20. Ng3 e4 21. Nd4 b5 22. Bf1 g6 23. b4 Nd3 24. Bxd3 Rxc1 25. Rxc1 exd3 26. Rd1 f4 27. Ne4 Qe5 28. Nc5 fxe3 29. fxe3 Ba8 30. Rxd3 Nf4 31. Qh4 Rxd4 32. exd4 Qe2 33. Qf2 Qg4 34. h3 Qf5 35. Re3 Bc6 36. Re5 Qf7 37. Ne6 1-0

[Event "Qatar Masters op"]
[Site "Doha"]
[Date "2023.10.19"]
[Round "8"]
[White "Lee, Jun Hyeok"]
[Black "Stany, George Anthony"]
[Result "1/2-1/2"]
[WhiteElo "2362"]
[BlackElo "2469"]
[PlyCount "52"]
[EventDate "2023.10.11"]
[EventType "swiss"]
[EventRounds "9"]
[EventCountry "QAT"]
[SourceTitle "Mega2024 Update 01"]
[Source "Chessbase"]
[SourceDate "2023.11.12"]
[SourceVersion "1"]
[SourceVersionDate "2023.11.12"]
[SourceQuality "1"]

1. d4 Nf6 2. c4 e6 3. Nf3 d5 4. Nc3 Be7 5. cxd5 exd5 6. Bf4 c6 7. e3 Bf5 8. Nh4 Bg4 9. Qc2 Nh5 10. h3 Be6 11. Nf3 Bd6 12. Bxd6 Qxd6 13. Bd3 Nd7 14. 0-0 g6 15. b4 0-0 16. Rab1 Ng7 17. Qd2 Bf5 18. Bxf5 Nxf5 19. e4 dxe4 20. Nxe4 Qd5 21. Rfe1 Rae8 22. Ne5 f6 23. Nc3 Qd6 24. Ne4 Qd5 25. Nc3 Qd6 26. Ne4 Qd5 1/2-1/2

[Event "Qatar Masters op"]
[Site "Doha"]
[Date "2023.10.14"]
[Round "4"]
[White "Rohit, Krishna S"]
[Black "Lee, Jun Hyeok"]
[Result "0-1"]
[WhiteElo "2434"]
[BlackElo "2362"]
[PlyCount "48"]
[EventDate "2023.10.11"]
[EventType "swiss"]
[EventRounds "9"]
[EventCountry "QAT"]
[SourceTitle "Mega2024 Update 01"]
[Source "Chessbase"]
[SourceDate "2023.11.12"]
[SourceVersion "1"]
[SourceVersionDate "2023.11.12"]
[SourceQuality "1"]

1. d4 Nf6 2. c4 g6 3. Nf3 Bg7 4. g3 b6 5. Bg2 Bb7 6. 0-0 0-0 7. d5 Na6 8. Nc3 Nc5 9. Nd4 e5 10. Nc2 a5 11. b3 d6 12. Rb1 Bc8 13. e4 Bd7 14. Bb2 Ng4 15. f3 Nh6 16. Ne1 f5 17. Ne2 fxe4 18. fxe4 Rxf1+ 19. Kxf1 Ng4 20. Kg1 Ne3 21. Qc1 Nxg2 22. Kxg2 Nxe4 23. Qe3 Qf8 24. Rd1 Bh3+ 0-1

[Event "Qatar Masters op"]
[Site "Doha"]
[Date "2023.10.13"]
[Round "3"]
[White "Mohammad, Nubairshah Shaikh"]
[Black "Lee, Jun Hyeok"]
[Result "1/2-1/2"]
[WhiteElo "2432"]
[BlackElo "2362"]
[PlyCount "61"]
[EventDate "2023.10.11"]
[EventType "swiss"]
[EventRounds "9"]
[EventCountry "QAT"]
[SourceTitle "Mega2024 Update 01"]
[Source "Chessbase"]
[SourceDate "2023.11.12"]
[SourceVersion "1"]
[SourceVersionDate "2023.11.12"]
[SourceQuality "1"]

1. c4 e6 2. Nc3 d5 3. d4 Nf6 4. cxd5 exd5 5. Bg5 c6 6. e3 h6 7. Bh4 Be7 8. Bd3 0-0 9. Nf3 Nbd7 10. Qc2 Re8 11. 0-0 Ne4 12. Bxe7 Qxe7 13. b4 Ndf6 14. Rab1 Bf5 15. Rfc1 Nxc3 16. Qxc3 Bxd3 17. Qxd3 a6 18. a4 Ne4 19. Qc2 Nd6 20. Ne5 f6 21. Ng6 Qf7 22. Nf4 g5 23. Nd3 Rad8 24. Rb3 Kg7 25. Nc5 Re7 26. Qd1 Rde8 27. h3 Qg6 28. Qc2 Qf7 29. Qd1 Qg6 30. Qc2 Qf7 31. Qd1 1/2-1/2

[Event "Titled Tuesday intern op 26th Sep Early"]
[Site "Chess.com INT"]
[Date "2023.09.26"]
[Round "2"]
[White "Lee, Jun Hyeok"]
[Black "Bortnyk, Olexandr"]
[Result "1/2-1/2"]
[WhiteElo "2379"]
[BlackElo "2608"]
[PlyCount "234"]
[EventDate "2023.09.26"]
[EventType "swiss (blitz)"]
[EventRounds "11"]
[EventCountry "USA"]
[SourceTitle "EXT 2024"]
[Source "ChessBase"]
[SourceDate "2023.10.10"]
[SourceVersion "1"]
[SourceVersionDate "2023.10.10"]
[SourceQuality "1"]

1. e4 Nf6 2. e5 Nd5 3. d4 d6 4. c4 Nb6 5. exd6 exd6 6. Nc3 Be7 7. Nf3 0-0 8. h3 Bf5 9. Bd3 Bxd3 10. Qxd3 Nc6 11. 0-0 Nb4 12. Qe2 Re8 13. a3 Bf6 14. Qd1 Nc6 15. b3 a5 16. Qd3 a4 17. b4 d5 18. c5 Nc4 19. Bf4 b6 20. Rfc1 bxc5 21. bxc5 N6a5 22. Nxa4 Qd7 23. c6 Qxc6 24. Nc5 Nb2 25. Qf5 Nac4 26. Bg5 Bxd4 27. Nd3 Nxd3 28. Nxd4 Qg6 29. Rd1 Ncb2 30. Rd2 c5 31. Qxg6 hxg6 32. Nb5 Rab8 33. Nc7 Re5 34. f4 Rxg5 35. fxg5 d4 36. Na6 Rc8 37. Rb1 c4 38. Nb4 c3 39. Rxd3 Nxd3 40. Nxd3 c2 41. Rc1 Rc3 42. Ne1 d3 43. Nxd3 Rxd3 44. Rxc2 Rxa3 45. h4 f5 46. gxf6 gxf6 47. Kh2 Kg7 48. g3 f5 49. Rf2 Kh6 50. Kg2 Kh5 51. Kh3 Ra1 52. Rf4 Ra2 53. Rf3 Rb2 54. Rf4 Rb1 55. Rf3 Rh1+ 56. Kg2 Rc1 57. Rf4 Rc2+ 58. Kh3 Rc3 59. Rd4 Kh6 60. Rf4 Rc5 61. Rb4 Ra5 62. Rc4 Rb5 63. Ra4 Rb6 64. Rc4 Kg7 65. Ra4 Kf6 66. Rc4 Ra6 67. Rb4 Rc6 68. Ra4 Rb6 69. Rc4 Rb3 70. Ra4 Ke5 71. Rc4 Rb1 72. Ra4 Re1 73. Kg2 Re2+ 74. Kf3 Rb2 75. Ra5+ Kf6 76. Ra6+ Kg7 77. Ra7+ Kh6 78. Ra4 Kh5 79. Rc4 Ra2 80. Rb4 Ra3+ 81. Kg2 Kh6 82. Rc4 Rb3 83. Ra4 Kg7 84. Kf2 Rc3 85. Rb4 Kf6 86. Kg2 Rc2+ 87. Kf3 Rc6 88. Ra4 Rb6 89. Rc4 Ke5 90. Rc5+ Kd4 91. Ra5 Rb1 92. Ra4+ Ke5 93. Ra5+ Kf6 94. Ra6+ Kg7 95. Ra4 Kh6 96. Kg2 g5 97. hxg5+ Kxg5 98. Rc4 Rb2+ 99. Kf3 Rb3+ 100. Kg2 Ra3 101. Kf2 Ra2+ 102. Kf3 Ra5 103. Rb4 Kf6 104. Kf4 Ra6 105. Rc4 Re6 106. Rd4 Kg6 107. g4 fxg4 108. Kxg4 Re1 109. Rd6+ Kf7 110. Kf5 Ke7 111. Ra6 Rf1+ 112. Ke5 Re1+ 113. Kf5 Rh1 114. Ke5 Rh5+ 115. Kf4 Rd5 116. Ke4 Rd6 117. Rxd6 Kxd6 1/2-1/2

[Event "Titled Tuesday intern op 26th Sep Early"]
[Site "Chess.com INT"]
[Date "2023.09.26"]
[Round "4"]
[White "Lee, Jun Hyeok"]
[Black "Schmakel, Sam A"]
[Result "1-0"]
[WhiteElo "2379"]
[BlackElo "2457"]
[PlyCount "93"]
[EventDate "2023.09.26"]
[EventType "swiss (blitz)"]
[EventRounds "11"]
[EventCountry "USA"]
[SourceTitle "EXT 2024"]
[Source "ChessBase"]
[SourceDate "2023.10.10"]
[SourceVersion "1"]
[SourceVersionDate "2023.10.10"]
[SourceQuality "1"]

1. e4 e6 2. d4 d5 3. Nc3 Nf6 4. exd5 exd5 5. Bg5 c6 6. Qd2 h6 7. Bh4 Bb4 8. a3 Bxc3 9. Qxc3 0-0 10. Bd3 Re8+ 11. Ne2 g5 12. Bg3 Ne4 13. Bxe4 Rxe4 14. f3 Re8 15. Qd3 b6 16. Bxb8 Rxb8 17. 0-0 Qf6 18. Ng3 Bd7 19. f4 gxf4 20. Nh5 Qg5 21. Nxf4 Re4 22. g3 Rbe8 23. Rf2 Re3 24. Qd2 h5 25. Ng2 h4 26. Nxe3 Rxe3 27. Rf3 Re5 28. Qxg5+ Rxg5 29. Re1 Bg4 30. Rc3 c5 31. dxc5 d4 32. cxb6 axb6 33. Rd3 Bf5 34. Re5 f6 35. Rxf5 Rxf5 36. Rxd4 hxg3 37. hxg3 Kf7 38. Rb4 b5 39. c4 bxc4 40. Rxc4 Rd5 41. Rb4 Rd2 42. a4 Kg6 43. Rb5 f5 44. a5 Kg5 45. a6 Kg4 46. a7 Kxg3 47. Rb3+ 1-0

[Event "Budapest SixDays 09 GM-B"]
[Site "Budapest"]
[Date "2023.09.23"]
[Round "9"]
[White "Varga, Zoltan"]
[Black "Lee, Jun Hyeok"]
[Result "1/2-1/2"]
[WhiteElo "2368"]
[BlackElo "2379"]
[PlyCount "48"]
[EventDate "2023.09.18"]
[EventType "tourn"]
[EventRounds "9"]
[EventCountry "HUN"]
[EventCategory "6"]
[SourceTitle "EXT 2024"]
[Source "ChessBase"]
[SourceDate "2023.10.10"]
[SourceVersion "1"]
[SourceVersionDate "2023.10.10"]
[SourceQuality "1"]

1. d4 g6 2. e4 Bg7 3. c4 d6 4. Nc3 Nf6 5. f3 0-0 6. Be3 e5 7. Nge2 Nbd7 8. Qd2 a6 9. 0-0-0 b5 10. Kb1 c6 11. c5 b4 12. Na4 Qa5 13. b3 exd4 14. Nxd4 Bb7 15. cxd6 c5 16. Nc2 Bc6 17. Nxc5 Nxc5 18. Qxb4 Nb7 19. Qxa5 Nxa5 20. Bb6 Nb7 21. Nb4 Bxe4+ 22. fxe4 Nxe4 23. Nd5 Nbxd6 24. Bd3 f5 1/2-1/2

[Event "Budapest SixDays 09 GM-B"]
[Site "Budapest"]
[Date "2023.09.22"]
[Round "8"]
[White "Lee, Jun Hyeok"]
[Black "Baum, Jonasz"]
[Result "1/2-1/2"]
[WhiteElo "2379"]
[BlackElo "2436"]
[PlyCount "32"]
[EventDate "2023.09.18"]
[EventType "tourn"]
[EventRounds "9"]
[EventCountry "HUN"]
[EventCategory "6"]
[SourceTitle "EXT 2024"]
[Source "ChessBase"]
[SourceDate "2023.10.10"]
[SourceVersion "1"]
[SourceVersionDate "2023.10.10"]
[SourceQuality "1"]

1. e4 e5 2. Nf3 Nc6 3. Bc4 Nf6 4. d3 h6 5. a4 d6 6. a5 a6 7. c3 g6 8. Qb3 Qe7 9. Nbd2 Bg7 10. Nf1 0-0 11. Ng3 Nd8 12. 0-0 Bg4 13. Qd1 Kh7 14. h3 Be6 15. Bxe6 Nxe6 16. Re1 c5 1/2-1/2

[Event "Budapest SixDays 09 IM"]
[Site "Budapest"]
[Date "2023.09.15"]
[Round "6"]
[White "Lee, Jun Hyeok"]
[Black "Terbe, Julianna"]
[Result "1/2-1/2"]
[WhiteElo "2379"]
[BlackElo "2304"]
[PlyCount "112"]
[EventDate "2023.09.12"]
[EventType "tourn"]
[EventRounds "9"]
[EventCountry "HUN"]
[EventCategory "1"]
[SourceTitle "EXT 2024"]
[Source "ChessBase"]
[SourceDate "2023.10.10"]
[SourceVersion "1"]
[SourceVersionDate "2023.10.10"]
[SourceQuality "1"]

1. d4 d5 2. c4 c6 3. Nf3 Nf6 4. Nc3 e6 5. Bg5 dxc4 6. e4 b5 7. a4 b4 8. Nb1 h6 9. Bxf6 Qxf6 10. Bxc4 Nd7 11. e5 Qd8 12. a5 Rb8 13. 0-0 Bb7 14. Qb3 Be7 15. Nbd2 0-0 16. Rfe1 Qc7 17. a6 Ba8 18. Rac1 c5 19. d5 exd5 20. Bxd5 Bxd5 21. Qxd5 Nb6 22. Qe4 Qc8 23. Nd4 Qd7 24. Nf5 Bg5 25. f4 Qxd2 26. fxg5 hxg5 27. e6 Qxb2 28. Rxc5 Nc8 29. Rb1 Qf6 30. e7 Nxe7 31. Nxe7+ Kh8 32. Rc6 Qf4 33. Qxf4 gxf4 34. Rb3 g6 35. Rc7 Rfd8 36. Rxa7 Rb6 37. Kf2 Kg7 38. Kf3 g5 39. Kg4 Kf6 40. Rh3 Ke5 41. Nf5 Rd2 42. Re7+ Re6 43. a7 Rxg2+ 44. Kf3 Ra2 45. Rxe6+ Kxe6 46. Nd4+ Ke5 47. Rh8 Kxd4 48. a8Q Rxa8 49. Rxa8 b3 50. Ke2 b2 51. Rb8 Kc3 52. Kd1 g4 53. Rc8+ Kd3 54. Rb8 Kc3 55. Rc8+ Kd3 56. Rb8 Kc3 1/2-1/2

[Event "FIDE World Cup"]
[Site "Baku"]
[Date "2023.07.31"]
[Round "1.2"]
[White "Svane, Frederik"]
[Black "Lee, Jun Hyeok"]
[Result "1-0"]
[WhiteElo "2618"]
[BlackElo "2378"]
[PlyCount "79"]
[EventDate "2023.07.30"]
[EventType "k.o."]
[EventRounds "8"]
[EventCountry "AZE"]
[SourceTitle "EXT 2024"]
[Source "ChessBase"]
[SourceDate "2023.10.10"]
[SourceVersion "1"]
[SourceVersionDate "2023.10.10"]
[SourceQuality "1"]

1. e4 c5 2. Nf3 d6 3. Bb5+ Bd7 4. Bxd7+ Qxd7 5. c4 e5 6. Nc3 Nc6 7. d3 g6 8. a3 Bg7 9. 0-0 Nge7 10. Bg5 f6 11. Be3 0-0 12. b4 b6 13. Nd5 f5 14. Qa4 Rae8 15. Rfe1 h6 16. bxc5 dxc5 17. Bd2 fxe4 18. dxe4 g5 19. Rad1 Qc8 20. Bc3 Rf7 21. Nxe7+ Rexe7 22. Rd5 Re6 23. Qd1 Qf8 24. h3 Rfe7 25. Nh2 Nd4 26. Nf1 Rf7 27. f3 Kh7 28. Ng3 Kg6 29. Kh1 Rfe7 30. Qd3 Kh7 31. Nf5 Rf7 32. g4 Rc7 33. Kg2 b5 34. cxb5 c4 35. Qd1 Qxa3 36. Bxd4 exd4 37. Nxd4 Rf6 38. e5 Rf4 39. Ne6 c3 40. Qc2+ 1-0

[Event "Olympiad-44"]
[Site "Chennai"]
[Date "2022.08.09"]
[Round "11.1"]
[White "Lee, Jun Hyeok"]
[Black "Fluvia Poyatos, Jordi"]
[Result "1/2-1/2"]
[WhiteElo "2390"]
[BlackElo "2451"]
[PlyCount "120"]
[EventDate "2022.07.29"]
[EventType "team-swiss"]
[EventRounds "11"]
[EventCountry "IND"]
[SourceTitle "CBM 210"]
[Source "ChessBase"]
[SourceDate "2022.10.31"]
[SourceVersion "1"]
[SourceVersionDate "2022.10.31"]
[SourceQuality "1"]
[WhiteTeam "South Korea"]
[BlackTeam "Andorra"]
[WhiteTeamCountry "KOR"]
[BlackTeamCountry "AND"]

1. e4 c6 2. d4 d5 3. exd5 cxd5 4. Bd3 Nc6 5. c3 Nf6 6. Bf4 g6 7. Nd2 Bf5 8. Bxf5 gxf5 9. Nh3 e6 10. Qe2 Rg8 11. g3 Bd6 12. 0-0-0 Qc7 13. Nb3 0-0-0 14. Kb1 Kb8 15. Nc5 Ka8 16. Nd3 Bxf4 17. Nhxf4 Rc8 18. f3 Ne8 19. Qg2 Nd6 20. Qh3 Nc4 21. Rhe1 h6 22. Re2 Rh8 23. Qh4 Qd8 24. Qxd8 Rhxd8 25. h3 Nd6 26. g4 Rg8 27. Rg1 Kb8 28. Reg2 Ne7 29. g5 hxg5 30. Rxg5 Rxg5 31. Rxg5 Rg8 32. Rxg8+ Nxg8 33. Kc2 Kc7 34. h4 Nh6 35. Ne5 Ne8 36. b3 f6 37. Ned3 Kd6 38. c4 dxc4 39. bxc4 Nc7 40. Kc3 Nf7 41. c5+ Kd7 42. Kc4 b5+ 43. Kb4 e5 44. Nh5 exd4 45. Nxf6+ Kc6 46. Ka5 Ne6 47. Ng8 Nxc5 48. Ne7+ Kd6 49. Nxf5+ Kd5 50. Nxc5 Kxc5 51. Nxd4 Kxd4 52. Kxb5 Kd5 53. a4 Nh6 54. h5 Nf5 55. f4 Nh6 56. Ka6 Kc6 57. Kxa7 Kc7 58. Ka6 Kc6 59. Ka5 Kc5 60. Ka6 Kc6 1/2-1/2

[Event "Olympiad-44"]
[Site "Chennai"]
[Date "2022.08.06"]
[Round "8.1"]
[White "Lee, Jun Hyeok"]
[Black "Hernandez Guerrero, Gilberto Eduardo"]
[Result "0-1"]
[WhiteElo "2390"]
[BlackElo "2560"]
[PlyCount "64"]
[EventDate "2022.07.29"]
[EventType "team-swiss"]
[EventRounds "11"]
[EventCountry "IND"]
[SourceTitle "CBM 210"]
[Source "ChessBase"]
[SourceDate "2022.10.31"]
[SourceVersion "1"]
[SourceVersionDate "2022.10.31"]
[SourceQuality "1"]
[WhiteTeam "South Korea"]
[BlackTeam "Mexico"]
[WhiteTeamCountry "KOR"]
[BlackTeamCountry "MEX"]

1. d4 Nf6 2. c4 e6 3. Nc3 Bb4 4. e3 b6 5. Bd3 Bb7 6. Nf3 Ne4 7. 0-0 Bxc3 8. bxc3 f5 9. Nd2 Nf6 10. Ba3 d6 11. Qc2 Nbd7 12. e4 g6 13. c5 dxc5 14. exf5 exf5 15. Rfe1+ Kf7 16. Bc4+ Kg7 17. Nb3 Re8 18. dxc5 Be4 19. Qb2 Ne5 20. Bf1 Nfg4 21. c4 Kg8 22. h3 Qh4 23. Rad1 Rad8 24. cxb6 Rxd1 25. Rxd1 axb6 26. c5 b5 27. Qd2 Qxh3 28. Qf4 Qh5 29. Bxb5 Nxf2 30. Kxf2 Qxd1 31. Be2 Nd3+ 32. Bxd3 Bxd3 0-1

[Event "Olympiad-44"]
[Site "Chennai"]
[Date "2022.08.02"]
[Round "5.1"]
[White "Lee, Jun Hyeok"]
[Black "Mirzaad, S Wahabuddin"]
[Result "1-0"]
[WhiteElo "2390"]
[BlackElo "1999"]
[PlyCount "61"]
[EventDate "2022.07.29"]
[EventType "team-swiss"]
[EventRounds "11"]
[EventCountry "IND"]
[SourceTitle "CBM 210"]
[Source "ChessBase"]
[SourceDate "2022.10.31"]
[SourceVersion "1"]
[SourceVersionDate "2022.10.31"]
[SourceQuality "1"]
[WhiteTeam "South Korea"]
[BlackTeam "Afghanistan"]
[WhiteTeamCountry "KOR"]
[BlackTeamCountry "AFG"]

1. e4 d5 2. exd5 Qxd5 3. Nc3 Qa5 4. d4 c6 5. Nf3 Nf6 6. Bc4 Bg4 7. h3 Bxf3 8. Qxf3 Nbd7 9. Bd2 Qb6 10. 0-0-0 e6 11. Rhe1 Be7 12. Bf4 0-0 13. g4 Rfe8 14. g5 Nd5 15. Ne4 Qd8 16. h4 b5 17. Bd3 Nb4 18. a3 Nxd3+ 19. Rxd3 Nb6 20. Rg1 Nd5 21. Be5 Bf8 22. h5 a5 23. g6 f6 24. gxh7+ Kh8 25. h6 Ra7 26. Bh2 g5 27. Nxf6 Nxf6 28. Be5 Rf7 29. Qh5 Rxh7 30. Rf3 Be7 31. Rxf6 1-0

[Event "Olympiad-44"]
[Site "Chennai"]
[Date "2022.08.01"]
[Round "4.1"]
[White "Cardoso Cardoso, Jose Gabriel"]
[Black "Lee, Jun Hyeok"]
[Result "1-0"]
[WhiteElo "2493"]
[BlackElo "2390"]
[PlyCount "83"]
[EventDate "2022.07.29"]
[EventType "team-swiss"]
[EventRounds "11"]
[EventCountry "IND"]
[SourceTitle "CBM 210"]
[Source "ChessBase"]
[SourceDate "2022.10.31"]
[SourceVersion "1"]
[SourceVersionDate "2022.10.31"]
[SourceQuality "1"]
[WhiteTeam "Colombia"]
[BlackTeam "South Korea"]
[WhiteTeamCountry "COL"]
[BlackTeamCountry "KOR"]

1. e4 c5 2. Nf3 d6 3. d4 cxd4 4. Nxd4 Nf6 5. Nc3 a6 6. Bg5 Nc6 7. Qd2 Nxd4 8. Qxd4 Qa5 9. f4 e5 10. Qd2 Be7 11. 0-0-0 Be6 12. a3 exf4 13. Bxf4 Rd8 14. Bd3 d5 15. Qe1 dxe4 16. Nxe4 Qa4 17. Be5 0-0 18. Qg3 Ng4 19. Bc7 Rd7 20. h3 Ne3 21. Be5 Nf5 22. Qg4 Qc6 23. Nf6+ Bxf6 24. Bxf6 g6 25. Qf4 Rc8 26. Bc3 Qxg2 27. Qe5 Rxc3 28. Qxc3 Ne3 29. Rde1 Nd5 30. Qe5 Rc7 31. h4 Qf2 32. Kb1 Qf4 33. Rhf1 Qxh4 34. Be4 Rc5 35. Qb8+ Rc8 36. Qxb7 Qd8 37. Rd1 Rc5 38. c4 Nc3+ 39. bxc3 Qh4 40. Bd5 Bxd5 41. Rxd5 Qe4+ 42. Ka1 1-0

[Event "Titled Tuesday intern op 19th Jul Early"]
[Site "Chess.com INT"]
[Date "2022.07.19"]
[Round "9"]
[White "Grandelius, Nils"]
[Black "Lee, Jun Hyeok"]
[Result "1/2-1/2"]
[WhiteElo "2655"]
[BlackElo "2390"]
[PlyCount "227"]
[EventDate "2022.07.19"]
[EventType "swiss (blitz)"]
[EventRounds "11"]
[EventCountry "USA"]
[SourceTitle "EXT 2023"]
[Source "ChessBase"]
[SourceDate "2022.10.05"]
[SourceVersion "1"]
[SourceVersionDate "2022.10.05"]
[SourceQuality "1"]

1. Nf3 Nf6 2. c4 e6 3. b3 d5 4. Bb2 c5 5. cxd5 exd5 6. e3 a6 7. g3 Nc6 8. Bg2 Bf5 9. 0-0 Bd3 10. Re1 Be7 11. Nc3 0-0 12. Rc1 Rc8 13. Ne2 b6 14. Nf4 Bf5 15. Bf1 a5 16. a3 d4 17. exd4 Nxd4 18. Nxd4 cxd4 19. Rxc8 Bxc8 20. Bg2 Bc5 21. Nd3 Bg4 22. Qc1 Re8 23. Rxe8+ Qxe8 24. h3 Bd7 25. b4 axb4 26. axb4 Bf8 27. Bxd4 Bb5 28. Nf4 Bxb4 29. Bxb6 Bd6 30. Be3 h6 31. Qb2 Be5 32. Qc2 Bd7 33. h4 Ng4 34. Nd5 Nxe3 35. dxe3 Bd6 36. Qd3 Qf8 37. Nc3 Be6 38. Ne4 Be5 39. Qe2 Qe7 40. Nd2 Bf5 41. Nf3 Bf6 42. Qb5 Be4 43. Qc4 Bxf3 44. Bxf3 g5 45. h5 Kg7 46. Be2 Qe6 47. Qd3 Qe7 48. Bd1 Qd8 49. Qe2 Qb6 50. Bc2 Qd6 51. Qc4 Qd2 52. Qe4 Kf8 53. Kg2 Bg7 54. Qf5 Qd8 55. Bb3 Qf6 56. Qc8+ Ke7 57. Qc7+ Kf8 58. Bd5 Qe7 59. Qc8+ Qe8 60. Qf5 Qe7 61. Bc4 Kg8 62. Qc8+ Qf8 63. Qc6 Qe7 64. Bd5 Qf8 65. e4 Qe7 66. f4 gxf4 67. gxf4 Kh8 68. Kf3 Kg8 69. Qc8+ Bf8 70. Qf5 Kg7 71. e5 Kg8 72. Qg6+ Bg7 73. Qc6 Kf8 74. Ke4 Qb4+ 75. Kf5 Qb1+ 76. Be4 Qb8 77. Qc5+ Kg8 78. Bd5 Qe8 79. Qc7 Kf8 80. Ke4 Qe7 81. Qc8+ Qe8 82. Qc6 Qxc6 83. Bxc6 Ke7 84. Kd5 f6 85. e6 f5 86. Bb5 Kf6 87. Bd3 Bf8 88. Bc4 Be7 89. Kc6 Ba3 90. Kd7 Bb4 91. Bd3 Ba3 92. Bc2 Bb4 93. e7 Bxe7 94. Bd3 Bc5 95. Kc6 Be3 96. Kd5 Bxf4 97. Bc2 Kg5 98. Ke6 Kxh5 99. Kxf5 Be3 100. Bd1+ Kh4 101. Ke4 Bg5 102. Kf3 Kh5 103. Kg2+ Kg6 104. Kh3 h5 105. Bc2+ Kh6 106. Bd1 h4 107. Bg4 Bf4 108. Bf5 Be3 109. Kg4 Bd2 110. Kh3 Bc1 111. Be4 Bd2 112. Bd3 Bc1 113. Be2 Bd2 114. Kxh4 1/2-1/2

[Event "Titled Tuesday intern op 19th Jul Early"]
[Site "Chess.com INT"]
[Date "2022.07.19"]
[Round "3"]
[White "Lee, Jun Hyeok"]
[Black "Pein, Jonathan"]
[Result "1-0"]
[WhiteElo "2390"]
[BlackElo "2252"]
[PlyCount "97"]
[EventDate "2022.07.19"]
[EventType "swiss (blitz)"]
[EventRounds "11"]
[EventCountry "USA"]
[SourceTitle "EXT 2023"]
[Source "ChessBase"]
[SourceDate "2022.10.05"]
[SourceVersion "1"]
[SourceVersionDate "2022.10.05"]
[SourceQuality "1"]

1. d4 c6 2. Nc3 d5 3. Bf4 Bf5 4. f3 Nf6 5. g4 Bg6 6. h4 h5 7. g5 Nfd7 8. e3 e6 9. Bd3 Bxd3 10. Qxd3 g6 11. 0-0-0 Qa5 12. e4 Bb4 13. Nge2 Na6 14. Kb1 Rc8 15. Bd2 Qc7 16. f4 dxe4 17. Nxe4 Be7 18. N4g3 Nb6 19. f5 exf5 20. Nf4 Nd5 21. Qf3 Nxf4 22. Bxf4 Bd6 23. Rhe1+ Kf8 24. Be5 Bxe5 25. Rxe5 Re8 26. Rde1 Rxe5 27. Rxe5 Qd7 28. c3 Nc7 29. Ne2 Ne6 30. Nf4 Nxf4 31. Qxf4 Kg7 32. Qe3 b6 33. Re7 Qd6 34. Rxa7 f4 35. Qe7 Qxe7 36. Rxe7 Rd8 37. Re4 c5 38. Rxf4 Rd5 39. dxc5 bxc5 40. a4 Kf8 41. b4 cxb4 42. cxb4 Ke7 43. Kc2 Re5 44. a5 Kd6 45. Kd3 Kc6 46. Rxf7 Kb5 47. Rb7+ Kc6 48. Rb6+ Kc7 49. Rxg6 1-0